Raz popoludní

Podrobná bibliografia
Hlavný autor: Janevski, Slavko, 1920-2000 (Autor)
Ďalší autori: Kanala, Kazo, 1946-2020 (gup)
Médium: Článok
Jazyk:slovenčina
Predmet:

MARC

LEADER 00000nab a2200000 a 4500
001 vtls000033896
003 SK-MaSNL
005 20260303213901.0
008 150430c1979 xo 0 slo
015 |a SNBRB19rr/mm-uuuuu 
035 |a CL0043990 
040 |a SNKBUCL  |b slo  |c SNKBUCL  |e AACR2 
041 0 |a slo 
044 |a xo  |c SK 
080 |a 886.6-3  |2 1981 
100 1 |a Janevski, Slavko,  |d 1920-2000  |4 aut  |9 163019 
245 1 0 |a Raz popoludní  |c Slavko Janevski ; Kazo Kanala 
500 |a Prevzaté Horizont 7/54, Skopje. 
650 0 7 |a poviedky lyrické  |2 snkbucl  |9 893929 
650 0 7 |a juhoslovanská literatúra  |2 snkbucl  |9 1191 
655 7 |a články z novín a časopisov  |2 snkbucl  |9 267496 
655 7 |a články z odboru literárna veda a krásna literatúra  |2 snkbucl  |9 770045 
700 1 |a Kanala, Kazo,  |d 1946-2020  |4 gup  |9 201824 
773 0 |t Express  |g Roč. 11, č. 23 (1979), s. 21 
850 |a Slovenská národná knižnica v Martine  |a MTA001 
852 |a SNK  |b KIS3GCP 
958 |a RK 
958 |a LX 
958 |a SK 
992 |a RBX 
999 |c 2214515  |d 2216445